Maiores Torcidas do Futebol Brasileiro - Statistics

Estatísticas Gerais
  • Esse quiz foi jogado 2 099 vezes
  • A pontuação média é 14 de 15
Estatísticas das Respostas
Pos. Estado Clube Torcida (numericamente) % Correto
RJ Flamengo 32.567.299
100%
SP Corinthians 27.340.449
99%
SP Palmeiras 10.654.733
99%
SP São Paulo 13.670.224
99%
RJ Vasco 7.237.177
97%
RS Grêmio 6.030.981
96%
12º BA Bahia 3.417.556
95%
11º RJ Fluminense 3.618.588
95%
RS Internacional 5.628.915
95%
10º SP Santos 4.824.785
95%
MJ Atlético Mineiro 7.036.144
94%
RJ Botafogo 3.417.556
94%
MJ Cruzeiro 6.232.014
92%
14º BA Vitória 2.613.425
85%
15º PR Atético Paranaense 2.412.392
82%
Nenhum quiz correspondente encontrado
Distribuição das Pontuações
Porcentagem de Pessoas com Cada Pontuação
Percentil de Números Respondidos
Sua Pontuação Histórica
Você não jogou esse quiz